Portugal unido y separado : (Record n. 11224)

Dettagli MARC
000 -LEADER
fixed length control field 00989nam a2200241 i 4500
003 - CONTROL NUMBER IDENTIFIER
control field IT-RoINE
005 - DATE AND TIME OF LATEST TRANSACTION
control field 20200728080811.0
008 - FIXED-LENGTH DATA ELEMENTS--GENERAL INFORMATION
fixed length control field 140814s2014 sp |r||||o000|| spa|d
020 ## - INTERNATIONAL STANDARD BOOK NUMBER
International Standard Book Number 9788484487739
040 ## - CATALOGING SOURCE
Original cataloging agency SpMaBN
Transcribing agency SpMaBN IT-RoINE
Modifying agency IT-RoINE
100 1# - MAIN ENTRY--PERSONAL NAME
Personal name Cardim, Pedro Almeida,
Dates associated with a name 1967-
9 (RLIN) 22945
245 10 - TITLE STATEMENT
Title Portugal unido y separado :
Remainder of title Felipe II, la unión de territorios y el debate sobre la condición política del reino de Portugal /
Statement of responsibility, etc Pedro Cardim ; prólogo de Jean-Frédéric Schaub.
260 ## - PUBLICATION, DISTRIBUTION, ETC. (IMPRINT)
Place of publication, distribution, etc Valladolid :
Name of publisher, distributor, etc Universidad,
Date of publication, distribution, etc 2014.
300 ## - PHYSICAL DESCRIPTION
Extent 285 p. ;
Dimensions 18 cm.
336 ## - CONTENT TYPE
Content type term Texto (visual)
Source isbdcontent
337 ## - MEDIA TYPE
Source rdamedia
Media type term unmediated
338 ## - CARRIER TYPE
Source rdacarrier
Carrier type term volume
490 1# - SERIES STATEMENT
Series statement Colección Síntesis.
-- Cátedra Felipe II ;
Volume number/sequential designation 16
504 ## - BIBLIOGRAPHY, ETC. NOTE
Bibliography, etc Incluye referencias bibliográficas.
651 #4 - SUBJECT ADDED ENTRY--GEOGRAPHIC NAME
Geographic name Portugal
General subdivision Historia
Chronological subdivision 1580-1640 (Dinastía española)
9 (RLIN) 22946
830 #0 - SERIES ADDED ENTRY--UNIFORM TITLE
9 (RLIN) 12135
Uniform title Síntesis (Universidad de Valladolid. Cátedra Felipe II) ;
Volume number/sequential designation 16
942 ## - ADDED ENTRY ELEMENTS (KOHA)
Item type Monografías
Dati di copia
Withdrawn status Lost status Damaged status Not for loan Home library Current library Date acquired Total Checkouts Full call number Barcode Date last seen Price effective from Koha item type
        Iglesia Nacional Española en Roma Iglesia Nacional Española en Roma 21/03/2016   HIS.ESP.3. 716 22678 21/03/2016 21/03/2016 Monografías